000 00742cam a22002533a 4500
001 18683
003 PGUSA
005 20140828083410.0
008 060626s2006||||xxu|||||s|||||000 1 eng d
040 _aPGUSA
_beng
042 _adc
050 4 _aPZ
100 1 _aBrown, William Perry,
_d1847-1923
245 1 0 _aRalph Granger's Fortunes
_h[electronic resource] /
_cWilliam Perry Brown
260 _bProject Gutenberg,
_c2006
506 _aPublic domain in the USA.
516 _aElectronic text
653 _aSlave trade -- Juvenile fiction
653 _aAdventure and adventurers -- Juvenile fiction
700 1 _aFry, W. H.
830 0 _aProject Gutenberg
_v18683
856 4 0 _uhttp://www.gutenberg.org/ebooks/18683
942 _cEB
999 _c247938
_d247938